000 00704nam a2200265Ia 4500
003 OSt
005 20221006151832.0
006 a|||||r|||| 00| 0
007 ta
008 221006b |||||||| |||| 00| 0 eng d
020 _c216.00
024 _a23,583
037 _cTextual
040 _aEASL
_cEASL
_beng
041 _2eng
_aeng
082 _aX:3260aQ63, H0
100 _aWEBER Max
245 0 _aProtestant eithic and the spirit of capitalism
260 _aLondon
_bUnwin Hynab
_c1930
300 _a292p.
_ccm.
490 _v Oth
700 _a Parsons Talcott Tr.
942 _hX:3260aQ63, H0
_cTEXL
_2CC
999 _c1091669
_d1091669